| 000 | 00357nam a2200145Ia 4500 | ||
|---|---|---|---|
| 008 | 150201s2011 xx 000 0 und d | ||
| 082 |
_a610.7 _bK14K |
||
| 100 | _aKAUR, RAJWINDER | ||
| 245 | _aKPH NURSING EXAMINATION REVIEW AT A GLANCE | ||
| 250 | _a1ST | ||
| 260 |
_bKUMAR PUB. _aDELHI _c2011 |
||
| 300 | _a398 | ||
| 650 | _aNURSING | ||
| 942 |
_2ddc _cBK _010 |
||
| 999 |
_c2330 _d2330 |
||